|
|
|
|
| LEADER |
00000nam0a2200000 4500 |
| 001 |
311764 |
| 005 |
20231102002422.0 |
| 020 |
|
|
|a RU
|b 82-14702
|
| 035 |
|
|
|a (RuTPU)RU\TPU\book\337129
|
| 090 |
|
|
|a 311764
|
| 100 |
|
|
|a 20151211d1981 k y0rusy5003 ca
|
| 101 |
0 |
|
|a rus
|
| 102 |
|
|
|a RU
|
| 105 |
|
|
|a a z 001zy
|
| 200 |
1 |
|
|a Некоторые вопросы геоморфологии Восточной Сибири
|e сборник научных трудов
|f Иркутский государственный университет (ИрГУ) ; под ред. А. Г. Золотарева
|
| 210 |
|
|
|a Иркутск
|c Изд-во ИГУ
|d 1981
|
| 215 |
|
|
|a 150 с.
|c ил.
|e 1 л. карт.
|
| 320 |
|
|
|a Библиогр. в конце ст.
|
| 606 |
1 |
|
|a Геоморфология
|2 stltpush
|3 (RuTPU)RU\TPU\subj\6207
|9 34142
|
| 610 |
1 |
|
|a Восточная Сибирь
|
| 610 |
1 |
|
|a рельеф
|
| 610 |
1 |
|
|a микроструктуры
|
| 610 |
1 |
|
|a отложения
|
| 610 |
1 |
|
|a экзогенные процессы
|
| 610 |
1 |
|
|a БАМ
|
| 610 |
1 |
|
|a отрицательное влияние
|
| 610 |
1 |
|
|a россыпи
|
| 610 |
1 |
|
|a полезные ископаемые
|
| 610 |
1 |
|
|a образование
|
| 675 |
|
|
|a 551.4(571.5)
|z rus
|v 3
|
| 702 |
|
1 |
|a Золотарев
|b А. Г.
|g Анатолий Гаврилович
|4 340
|
| 712 |
0 |
2 |
|a Иркутский государственный университет (ИрГУ)
|2 stltpush
|3 (RuTPU)RU\TPU\col\273
|
| 801 |
|
0 |
|a RU
|b RuMRKP
|c 19950704
|g psbo
|
| 801 |
|
1 |
|a RU
|b 63413507
|c 20151211
|
| 801 |
|
2 |
|a RU
|b 63413507
|c 20191111
|g RCR
|
| 942 |
|
|
|c BK
|